| 000 | 00469nam a2200169Ia 4500 | ||
|---|---|---|---|
| 003 | GCL | ||
| 008 | 140319s9999 xx 000 0 ara d | ||
| 040 |
_aGCL / _cGCL |
||
| 082 | 0 | 4 |
_a230 _bا ن |
| 245 | 1 | 0 | _aنيل الاوطار من أحاديث سيد الاخبار شرح منتقى الاخبار |
| 260 |
_a[S.N] : _bدار الجيل |
||
| 300 | _a360 ص | ||
| 490 | _a | ||
| 650 | 0 | 4 | _aالحديث |
| 650 | 0 | 4 | _aالحديث - احكام |
| 942 |
_2ddc _cBK |
||
| 999 |
_c27843 _d27843 |
||